000
00328nam a22001337a 4500
008
170620b xxu||||| |||| 00| 0 eng d
020
_a
9780393978964
041
_a
eng
080
_a
32
100
_a
20
101
_a
SHP
245
_a
STORM CENTER THE SUPREME COURT IN AMERICA POLITICS
_c
O BRIEN.D.M
942
_2
udc
_c
BK
999
_c
18222
_d
18222